| 000 | 00472nam a2200157 a 4500 | ||
|---|---|---|---|
| 082 | 0 | 0 |
_a954 _bRIK _cL-30-ii-P-155 |
| 100 | 1 |
_aRavi,Rikhye _946460 |
|
| 245 | 1 | 4 |
_aThe fourth round, Indo-Pak war, 1984 _cRavi, Rikhye. |
| 250 | _a1st ed. | ||
| 260 |
_aNew Delhi : _bABC Pub. House, _c1982. |
||
| 300 |
_axvi, 253 p. : _bmaps ; _c22 cm. |
||
| 526 |
_a0 _b0 _c0 _d355_480000000000000_RIK |
||
| 650 | 0 |
_aImaginary wars and battles. _946095 |
|
| 650 | 0 |
_aMCE _9379 |
|
| 942 |
_2ddc _cBK |
||
| 999 |
_c549800 _d549800 |
||